Macromoléculas / (Record no. 101827)

MARC details
000 -LEADER
campo de control de longitud fija 00521nam a2200169 i 4500
001 - NÚMERO DE CONTROL
campo de control 101827
003 - IDENTIFICADOR DE NÚMERO DE CONTROL
campo de control ES-MaACL
005 - FECHA Y HORA DE LA ÚLTIMA TRANSACCIÓN
campo de control 20230906183004.0
007 - CAMPO FIJO DE DESCRIPCIÓN FÍSICA--INFORMACIÓN GENERAL
campo de control de longitud fija t|
008 - DATOS DE LONGITUD FIJA--INFORMACIÓN GENERAL
campo de control de longitud fija 051026s1962 sp ||||1| spa d
100 1# - ENTRADA PRINCIPAL--NOMBRE DE PERSONA
Nombre de persona Melville, Harry.
9 (RLIN) 80032
245 10 - MENCIÓN DEL TÍTULO
Título Macromoléculas /
Mención de responsabilidad, etc. Sir Harry Melville; traducido del inglés por el Dr. J. Burgos González.
260 ## - PUBLICACIÓN, DISTRIBUCIÓN, ETC.
Lugar de publicación, distribución, etc. Zaragoza :
Nombre del editor, distribuidor, etc. Acribia,
Fecha de publicación, distribución, etc. 1962.
300 ## - DESCRIPCIÓN FÍSICA
Extensión VIII, 166 p. :
Otras características físicas il.
700 1# - ENTRADA AGREGADA--NOMBRE PERSONAL
Nombre de persona Burgos González, Justino.
9 (RLIN) 32663
852 ## - LOCALIZACIÓN
Ubicación ES-MaACL
Número de control de estantería C-23700
Sublocalización o colección R.52089
Holdings
Estatus retirado Estado de pérdida Estado de daño No para préstamo Biblioteca de origen Biblioteca actual Ubicación en estantería Fecha de adquisición Fuente de adquisición Total de préstamos Signatura topográfica completa Código de barras Visto por última vez Precio de reemplazo Tipo de ítem Koha
        Biblioteca del Ateneo de Madrid Biblioteca del Ateneo de Madrid Depósito 2 17/01/2008     C-23700 1106304 23/02/2023 23/02/2023 Libro impreso